000 00586nam a2200181 4500
003 LK-CoMWRAF
005 20231214150824.0
008 231214b |||||||| |||| 00| 0 eng d
040 _aLK-CoMWRAF
_dLK-CoMWRAF
_eLK-CoMWRAF
041 _asin
082 _a920
_bJAY
100 _aජයවර් ධන, කුමාරි
245 _aදොස්තර මේරි රත්නම්
246 _aDosthara meeri rathnam
260 _aකොළඹ :
_bසමාජ විද්‍යාඥයින්ගේ සංගමය
650 _aචරිතාපදාන
942 _cBK
999 _c4457
_d4457